Bogotá cuenta : (Registro nro. 30908)

Detalles MARC
000 -LEADER
fixed length control field 01467nam a22003257a 4500
003 - CONTROL NUMBER IDENTIFIER
control field OSt
005 - DATE AND TIME OF LATEST TRANSACTION
control field 20250716155611.0
008 - FIXED-LENGTH DATA ELEMENTS--GENERAL INFORMATION
fixed length control field 210224s2016 ck ao||er|||| 00| j spa d
020 ## - INTERNATIONAL STANDARD BOOK NUMBER
International Standard Book Number 9789588997247
037 ## - SOURCE OF ACQUISITION
Source of stock number/acquisition Donación
040 ## - CATALOGING SOURCE
Original cataloging agency CO-JMCR
Transcribing agency CO-JMCR
Language of cataloging spa
Modifying agency CO-JMCR
Description conventions rda
041 0# - LANGUAGE CODE
Language code of text/sound track or separate title spa
082 04 - DEWEY DECIMAL CLASSIFICATION NUMBER
Classification number J-C
Item number LOZb1
Edition number 23
100 1# - MAIN ENTRY--PERSONAL NAME
Personal name Lozano Rodríguez, Jessica Jaidyd,
Relator term autora
9 (RLIN) 13883
245 10 - TITLE STATEMENT
Title Bogotá cuenta :
Remainder of title universos de tierra y tiempo /
Statement of responsibility, etc. Jessica Jaidyd Lozano Rodríguez [y otros 25] ; compilación y edición Mery Yolanda Sánchez ; fotografía Margarita Mejía
260 ## - PUBLICATION, DISTRIBUTION, ETC.
Place of publication, distribution, etc. [Bogotá] :
Name of publisher, distributor, etc. Idartes,
Date of publication, distribution, etc. 2016 impresión
300 ## - PHYSICAL DESCRIPTION
Extent 172 páginas :
Other physical details ilustraciones y fotografías a blanco y negro ;
Dimensions 24 cm.
500 ## - GENERAL NOTE
General note Incluye datos biográficos de los autores.
520 3# - SUMMARY, ETC.
Summary, etc. Recopilación de narrativa y poesía que da cuenta de lo que los ciudadanos escriben, de lo que los inquieta, de las historias que quieren contar.
650 14 - SUBJECT ADDED ENTRY--TOPICAL TERM
Topical term or geographic name entry element Cuentos colombianos
General subdivision colecciones
9 (RLIN) 11546
650 24 - SUBJECT ADDED ENTRY--TOPICAL TERM
Topical term or geographic name entry element Poesía colombiana
Form subdivision colecciones
Chronological subdivision Siglo XXI
9 (RLIN) 13884
650 24 - SUBJECT ADDED ENTRY--TOPICAL TERM
Topical term or geographic name entry element Poesía colombiana
General subdivision colecciones
9 (RLIN) 13885
650 24 - SUBJECT ADDED ENTRY--TOPICAL TERM
Topical term or geographic name entry element Literatura colombiana
9 (RLIN) 13886
650 24 - SUBJECT ADDED ENTRY--TOPICAL TERM
Topical term or geographic name entry element Vida cotidiana en la literatura
9 (RLIN) 13887
650 24 - SUBJECT ADDED ENTRY--TOPICAL TERM
Topical term or geographic name entry element Sueños en la literatura
9 (RLIN) 1789
650 24 - SUBJECT ADDED ENTRY--TOPICAL TERM
Topical term or geographic name entry element Pensamientos en la literatura
9 (RLIN) 13888
700 1# - ADDED ENTRY--PERSONAL NAME
Personal name Sánchez, Mery Yolanda,
Relator term compilador
9 (RLIN) 13889
700 1# - ADDED ENTRY--PERSONAL NAME
Personal name Mejía, Margarita,
Relator term fotógrafo
9 (RLIN) 13890
942 ## - ADDED ENTRY ELEMENTS (KOHA)
Source of classification or shelving scheme Dewey Decimal Classification
Koha item type Books
Existencias
Withdrawn status Lost status Source of classification or shelving scheme Damaged status Not for loan Collection code Home library Current library Shelving location Date acquired Source of acquisition Total Checkouts Full call number Barcode Date last seen Copy number Price effective from Koha item type
    Dewey Decimal Classification     Fiction Biblioteca Pública José María del Castillo y Rada Biblioteca Pública José María del Castillo y Rada Book Cart 01/15/2025 Donación   J-C LOZb1 201812408 01/23/2025 Ej.2 01/23/2025 Books
    Dewey Decimal Classification       Biblioteca Pública José María del Castillo y Rada Biblioteca Pública José María del Castillo y Rada   02/10/2020 Donación   J-C LOZb1 201809861 08/01/2025 Ej.1 08/01/2025 Books